header

Assessing and managing the acutely ill adult surgical patient (Record no. 37540)

MARC details
000 -LEADER
fixed length control field 02314nam a22003974a 4500
082 04 - DEWEY DECIMAL CLASSIFICATION NUMBER
Classification number 617/.919
245 00 - TITLE STATEMENT
Title Assessing and managing the acutely ill adult surgical patient
260 ## - PUBLICATION, DISTRIBUTION, ETC. (IMPRINT)
Place of publication Oxford ;
-- Malden, MA :
Name of publisher Blackwell Pub.,
Year of publication 2007.
300 ## - PHYSICAL DESCRIPTION
Number of Pages viii, 260 p. :
Other physical details ill.
505 0# - FORMATTED CONTENTS NOTE
Formatted contents note Pre-operative assessment and preparation / Curie Scott, Fiona J. McArthur-Rouse, Jane McLean -- The peri-operative phase / Luke Ewart and Sandra Huntington -- Post-operative recovery / Sylvia Prosser and Fiona J. McArthur-Rouse -- Post-operative pain management / Jane McLean, Sandra Huntington, Fiona J. McArthur-Rouse -- Psychosocial aspects of surgery / Fiona J. McArthur-Rouse and Tim Collins -- Head and neck surgery / Tracey Sharpe and Carma Harnett -- Vascular surgery / Ann M. Price -- Upper gastrointestinal surgery / Ian Felstead -- Surgery of the lower gastrointestinal tract / Ian Felstead -- Urological surgery / Ian Felstead and Jane McLean -- Women's health / Fiona J. McArthur-Rouse -- Orthopaedic surgery / Ann Newman -- Identifying and managing life-threatening situations / Tim Collins and Catherine I. Plowright.
650 #0 - SUBJECT ADDED ENTRY--TOPICAL TERM
Topical Term Surgical emergencies.
Topical Term Preoperative care.
Topical Term Postoperative care.
Topical Term Surgical nursing.
700 1# - ADDED ENTRY--PERSONAL NAME
Personal name McArthur-Rouse, Fiona J.
Personal name Prosser, Sylvia.
856 40 - ELECTRONIC LOCATION AND ACCESS
Uniform Resource Identifier http://site.ebrary.com/lib/rucke/Doc?id=10232774

No items available.

© 2026 Rongo University
Contact us: librarian | system librarian | Rongo university